000 01990nam a2200541 i 4500
001 6346
003 KOSZ 005
005 20230118144824.0
008 970513s1992 pl a |000 0 pol
015 _aUWD 1992/7117
035 _a991001419919705066
035 _a(PL-WaBN)b10409750-48omnis_nlop
035 _ab10409750
035 _a(OCoLC)830058391
035 _a(PL)b0000001040975
035 _a(EXLNZ-48OMNIS_NETWORK)9910164338905606
040 _aWA N
_cWA N
_dKOSZ 005/AR
041 _apol
044 _apl
080 _a621.43
080 _a(084.1)
080 _a(075.8)
100 1 _aLeyko, Jacek
_eAutor
245 1 0 _aAtlas silników spalinowych /
_cJacek Leyko, Jerzy Sygniewicz, Zenon Tomaszun.
250 _aWydanie 2.
260 _aŁódź :
_bWydawnictwo Politechniki Łódzkiej,
_c1992.
300 _a381 stron, [5] kart tablic złożonych :
_b ilustracje ;
_c24 cm.
336 _aTekst
_btxt
_2rdacontent
337 _aBez urządzenia pośredniczącego
_bn
_2rdamedia
338 _aWolumin
_bnc
_2rdacarrier
380 _aKsiążki
388 _a1901-2000
388 _a1989-2000
490 1 _aSkrypty dla Szkół Wyższych / Politechnika Łódzka
504 _aBibliografia na stronach 378-381.
521 _aDla studentów Wydziału Mechanicznego Politechniki Łódzkiej specjalności Samochody i Ciągniki oraz Systemy, Maszyny i Urządzenia Energetyczne.
650 7 _aSilniki spalinowe
_2DBN
655 _aPodręczniki akademickie
655 _aAlbum
658 _aInżynieria i technika
700 1 _aSygniewicz, Jerzy
_d(1938-2008)
_eAutor
700 1 _aTomaszun, Zenon
_eAutor
710 2 _aWydawnictwo Naukowe Politechniki Łódzkiej
_4pbl
830 0 _aSkrypty dla Szkół Wyższych - Politechnika Łódzka
856 _uhttp://koha.tu.koszalin.pl/cgi-bin/koha/opac-detail.pl?biblionumber=6346
_yKatalog online BPK
942 _2UKD
_cKS
999 _c6346
_d6346